Nobody thought of that ! 100 Largest Cities in the United States - Statistics

General Stats
  • This quiz has been taken 1,291 times
  • The average score is 91 of 253
Answers on the Map
Answers color-coded by a green-red scale on the quiz's map according to % correct below.
 
Answer Stats
City % % Correct
New York 96
92%
Los Angeles 94
88%
Dallas 92
87%
Miami 92
87%
Seattle 92
87%
Chicago 93
86%
Houston 91
84%
Portland 86
84%
Denver 87
83%
Las Vegas 90
83%
Phoenix 89
83%
Atlanta 86
81%
Boston 90
81%
San Francisco 90
80%
Austin 88
78%
San Diego 88
78%
Detroit 88
77%
New Orleans 85
77%
Minneapolis 83
75%
Philadelphia 88
75%
Jacksonville 82
72%
Kansas City 83
72%
San Antonio 83
72%
Oklahoma City 83
71%
Nashville 83
70%
Orlando 83
70%
St. Louis 77
70%
Columbus 81
68%
Boise 76
67%
Indianapolis 85
67%
Tampa 82
67%
Sacramento 81
66%
Charlotte 76
65%
Cleveland 79
65%
Memphis 79
65%
Washington 88
65%
Albuquerque 77
64%
Milwaukee 76
64%
Pittsburgh 79
64%
El Paso 79
63%
Buffalo 78
62%
San Jose 78
62%
Cincinnati 76
61%
Raleigh 73
60%
Baltimore 79
58%
Honolulu 86
58%
Omaha 69
58%
Tucson 71
55%
Louisville 71
52%
Tulsa 65
51%
St. Paul 72
50%
Anchorage 79
48%
Fort Worth 73
48%
Richmond 72
47%
Fresno 62
46%
Reno 69
45%
Virginia Beach 64
42%
Madison 66
41%
Oakland 66
41%
Baton Rouge 73
40%
Wichita 61
38%
Colorado Springs 67
37%
Bakersfield 51
36%
Lincoln 69
35%
Mesa 51
35%
Winston-Salem 68
32%
Spokane 55
31%
Riverside 46
28%
Long Beach 55
27%
Newark 60
27%
Toledo 56
27%
Arlington 53
26%
Anaheim 52
23%
Greensboro 46
23%
Corpus Christi 57
22%
Durham 47
22%
Lexington 53
22%
Stockton 40
21%
Aurora 47
20%
Henderson 39
18%
Lubbock 44
18%
Norfolk 45
17%
St. Petersburg 50
17%
North Las Vegas 42
16%
Scottsdale 38
16%
Fort Wayne 46
15%
Jersey City 52
15%
Santa Ana 42
15%
Chandler 30
14%
Glendale 37
14%
Laredo 40
14%
Irvine 37
13%
Plano 34
12%
Gilbert 26
11%
Chula Vista 32
10%
Irving 30
10%
Chesapeake 30
9%
Fremont 28
8%
Garland 25
7%
Santa Clarita 29
4%
No matching quizzes found
Score Distribution
Percent of People with Each Score
Percentile by Number Answered
Your Score History
You have not taken this quiz